000 01169naa a22002897a 4500
001 BR7503473
003 BR-BrBNA
005 20240918173754.0
007 ta
008 230509b bl.||||| |||| 00| 0 por d
040 _aBR-BrBNA
_bpor
_cBiblioteca Nacional de Agricultura
041 _a(Pt)
072 _aM00
_b/G514
090 _aM00 BR7503473
100 1 _aGuimaraes, J.L.
111 1 _a2. Seminario Latino Americano de Ciencia e Tecnologia de Alimentos
_cCampinas, SP (Brazil)
_d24 Aug 1975
245 1 _aPrograma governamental na area de melhor aproveitamento de recursos aquaticos [Brasil]
260 3 _aCampinas, SP (Brasil):
_c1975.
500 _aAnais do 2. Seminario Latino Americano de Ciencia e Tecnologia de Alimentos Campinas, SP (Brasil): 1975. v. 2 p. 271-274 (BR7503473-AM)M00
650 _aPROJETO DE DESENVOLVIMENTO
650 _aDESENVOLVIMENTO PESQUEIRO
650 _aPESCA ARTESANAL
650 _aPESCA INDUSTRIAL
773 0 _tAnais do 2. Seminario Latino Americano de Ciencia e Tecnologia de Alimentos
_wM00 BR7503473
_gCampinas, SP (Brasil), 1975. v. 2 p. 271-274
909 _a202404
_bLucia
_c55
_dLucia Elande
942 _cAM
_2AGRIS
999 _c306783
_d306783